The curse of Camp Cold Lake / (Record no. 13803)

000 -LEADER
fixed length control field 00671cam a22002053a 4500
020 ## - INTERNATIONAL STANDARD BOOK NUMBER
ISBN 0590568930 (pbk.) :
040 ## - CATALOGING SOURCE
Transcribing agency JBL
082 ## - DEWEY DECIMAL CLASSIFICATION NUMBER
Classification number 813 SCH 1997 A094 Or.
100 1# - MAIN ENTRY--AUTHOR NAME
Personal name Stine, R. L.
245 14 - TITLE STATEMENT
Title The curse of Camp Cold Lake /
260 ## - PUBLICATION, DISTRIBUTION, ETC. (IMPRINT)
Place of publication New York :
Name of publisher Scholastic,
Year of publication 1997.
300 ## - PHYSICAL DESCRIPTION
Number of Pages 114 p. ;
Dimensions 20 cm.
490 1# - SERIES STATEMENT
Series statement Goosebumps ;
500 ## - GENERAL NOTE
General note "An Apple paperback."
500 ## - GENERAL NOTE
General note "A Parachute Press book."
520 ## - SUMMARY, ETC.
Summary, etc Sarah hates Camp Cold Lake; the lake is gross and slimy. Down by the lake someone with a see-through body is watching her.
650 #0 - SUBJECT ADDED ENTRY--TOPICAL TERM
Topical Term Horror tales.
710 2# - ADDED ENTRY--CORPORATE NAME
Corporate name or jurisdiction name as entry element Copyright Paperback Collection (Library of Congress)
942 ## - ADDED ENTRY ELEMENTS (KOHA)
Koha item type សៀវភៅភាសាអង់គ្លេស
952 ## - LOCATION AND ITEM INFORMATION (KOHA)
Withdrawn status [LOCAL, KOHA] 0
Holdings
Permanent Location Date acquired Koha item type Lost status Shelving location Barcode Current Location Full call number
Library Block A2017-08-31សៀវភៅភាសាអង់គ្លេស A094A16494Library Block A813 SCH 1997 A094 Or.
មជ្ឈមណ្ឌលឯការនៃសាកលវិទ្យាល័យភូមិន្ទកសិកម្មចំការដូង

Powered by Koha